000 00547nam a22002177a 4500
003 UA-OsUOA
001 56491
007 ta
008 20081029b un ||||| |||| 00| 0 ukr d
100 _aОболенский
090 _a330
_bО-21
942 _cSA
040 _aUA-OsUOA
_brus
_cUA-OsUOA
_dUA-OsUOA
245 _aРоссия на пути инновационному развитию
300 _aС.31-40
955 _a0
041 _arus
080 _a330
773 0 _w56488
650 7 _a330 Економіка взагалі
_2UDC
999 _c342583
_d342583